Indian knowledge systems: Evolution of education in ancient India (Record no. 396299)

MARC details
000 -LEADER
fixed length control field 00684 a2200229 4500
005 - DATE & TIME
control field 20260219122010.0
008 - FIXED-LENGTH DATA ELEMENTS--GENERAL INFORMATION
fixed length control field 260219b |||||||| |||| 00| 0 eng d
020 ## - ISBN
International Standard Book Number 9789392798443
Price Rs. 1895.00
040 ## - CATALOGING SOURCE
Original cataloging agency VIVEKANANDA LIBRARY
082 ## - DDC NUMBER
Classification number 370.954
Book Number J41I
100 ## - MAIN ENTRY--PERSONAL NAME
Personal name Jena, Sudhir Kumar
245 ## - TITLE STATEMENT
Title Indian knowledge systems: Evolution of education in ancient India
260 ## - PUBLICATION, DISTRIBUTION, ETC. (IMPRINT)
Name of publisher, distributor, etc SSDN Publishers and Distributors
Date of publication, distribution, etc 2026
Place of publication, distribution, etc New Delhi
300 ## - PHYSICAL DESCRIPTION
Pages vi, 197
650 ## - Subject
Subject Education- India- History
650 ## - Subject
Subject Vedic Education
650 ## - Subject
Subject Education, Ancient- India
700 ## - Added Entry Personal Name
Added Entry Personal Name Sahoo, Jayadeba
700 ## - Added Entry Personal Name
Added Entry Personal Name Acharya, Prasanta Kumar
700 ## - Added Entry Personal Name
Added Entry Personal Name Nayak, Sushant Kumar
942 ## - ADDED ENTRY ELEMENTS (KOHA)
Koha item type Books
Holdings
Withdrawn status Lost status Source of classification or shelving scheme Damaged status Not for loan Location (home branch) Sublocation or collection (holding branch) Shelving location Date acquired Koha issues (times borrowed) Koha full call number Accession No. Koha date last seen Koha item type
    Dewey Decimal Classification     VIVEKANANDA LIBRARY VIVEKANANDA LIBRARY Law Library 03/02/2026   370.954 J41I 377844 03/02/2026 Books
    Dewey Decimal Classification     VIVEKANANDA LIBRARY VIVEKANANDA LIBRARY Law Library 03/02/2026   370.954 J41I 377843 03/02/2026 Books
© Designed and Maintained by Vivekananda Library, MDU Rohtak